| 000 | 00768cam a2200253 a 4500 | ||
|---|---|---|---|
| 999 |
_c5789 _d5789 |
||
| 001 | 20262 | ||
| 003 | BD-DhUAP | ||
| 005 | 20210105151033.0 | ||
| 008 | 201221r20152014ii abf b f000 0 eng | ||
| 020 | _a9789339203122 | ||
| 020 | _a9339203127 | ||
| 040 |
_aBD-DhUAP _cBD-DhUAP _dBD-DhUAP _bEng |
||
| 082 |
_a658.15 COR _223 |
||
| 245 |
_aCorporate finance / _cStephen A. Ross ... [et al.]. |
||
| 250 | _a10th ed. | ||
| 260 |
_aNew Delhi : _bMcGraw-Hill education, _cc2014 [Reprinted 2016]. |
||
| 300 |
_axxxii, 1119 pages : _billustrations ; _c24 cm. |
||
| 500 | _aIncludes index. | ||
| 650 |
_aCorporations _vFinance. |
||
| 650 | _aFinancial statements. | ||
| 700 | _aRoss, Stephen A. | ||
| 942 |
_2ddc _cBK |
||